South Dakota law review

Bibliographic Details
Format: Unknown
Language:English
Published: [Vermillion], Estados Unidos : University of South Dakota School of Law
Subjects:
Online Access:Acceso restringido

MARC

LEADER 00000ny a22000003n 4500
005 2011051208548.0
007 cr||||||||||||
008 091216s us 000 eng d
022 |a 0038-3325 
035 |a 3178 
040 |a BUS  |d vLex 
090 |c 1738  |d 1738 
245 0 0 |a South Dakota law review  |h [Recurso electrn̤ico] 
256 |a Servicio en ln̕ea 
260 |a [Vermillion], Estados Unidos :  |b University of South Dakota School of Law  
310 |a Cuatrimestral 
506 1 |a Contenido solo disponible en los productos indicados  |d vLex Global  |d vLex Global (Academic Edition, excluding Law Schools)  |d vLex Global (Academic Edition, Law Schools) 
650 0 4 |a Derecho  |z Estados Unidos 
650 0 4 |a Education 
650 0 4 |a Law 
730 0 |a LegalTrac 
740 0 |a vLex Revista (Servicios en ln̕ea) 
843 |a Electrn̤ica. Abierta 
853 |8 1  |i (year)  |j (month)  |k (day) 
856 4 0 |u http://vlex.com/source/3178  |z Acceso restringido 
942 |c REV 
999 4 |a Revistes electrṇiques 
999 4 |a Dret 
999 4 |a Dret  |z Estats Units d'Amr̈ica